Adult nursing : (Record no. 6881)
[ view plain ]
| 000 -LEADER | |
|---|---|
| fixed length control field | 00706nam a22002177a 4500 |
| 003 - CONTROL NUMBER IDENTIFIER | |
| control field | OSt |
| 005 - DATE AND TIME OF LATEST TRANSACTION | |
| control field | 20251204085601.0 |
| 008 - FIXED-LENGTH DATA ELEMENTS--GENERAL INFORMATION | |
| fixed length control field | 251204b |||||||| |||| 00| 0 eng d |
| 020 ## - INTERNATIONAL STANDARD BOOK NUMBER | |
| International Standard Book Number | 0-8385-0174-5. |
| 040 ## - CATALOGING SOURCE | |
| Original cataloging agency | DWCL-Main lib |
| Transcribing agency | OC |
| 082 ## - DEWEY DECIMAL CLASSIFICATION NUMBER | |
| Edition number | 2nd ed. |
| Classification number | Circ. 610.73 Ad245 1997 |
| 100 ## - MAIN ENTRY--PERSONAL NAME | |
| Personal name | Burrell, Lenette Owens |
| 245 ## - TITLE STATEMENT | |
| Title | Adult nursing : |
| Remainder of title | acute and community care |
| Statement of responsibility, etc. | Burrell, Lenette Owens |
| 260 ## - PUBLICATION, DISTRIBUTION, ETC. | |
| Place of publication, distribution, etc. | Conn. : |
| Name of publisher, distributor, etc. | Appleton & Lange, |
| Date of publication, distribution, etc. | c1997. |
| 300 ## - PHYSICAL DESCRIPTION | |
| Extent | 13 v., (pages varies) : |
| Other physical details | some colored illustration ; |
| Dimensions | 27 cm. |
| 650 ## - SUBJECT ADDED ENTRY--TOPICAL TERM | |
| Source of heading or term | 1. Community health nursing. |
| 650 ## - SUBJECT ADDED ENTRY--TOPICAL TERM | |
| Source of heading or term | 2. Nursing. |
| 700 ## - ADDED ENTRY--PERSONAL NAME | |
| Personal name | Gerlach, Mary Jo M. |
| 700 ## - ADDED ENTRY--PERSONAL NAME | |
| Personal name | Pless, Betsy S. |
| 942 ## - ADDED ENTRY ELEMENTS (KOHA) | |
| Source of classification or shelving scheme | Dewey Decimal Classification |
| Koha item type | Book Circulation |
| Edition | 2nd ed. |
| Call number prefix | Circ. |
| Suppress in OPAC | No |
| 952 ## - LOCATION AND ITEM INFORMATION (KOHA) | |
| -- | |
| 952 ## - LOCATION AND ITEM INFORMATION (KOHA) | |
| -- | |
| 952 ## - LOCATION AND ITEM INFORMATION (KOHA) | |
| -- | |
| 952 ## - LOCATION AND ITEM INFORMATION (KOHA) | |
| -- | |
| 952 ## - LOCATION AND ITEM INFORMATION (KOHA) | |
| -- | |
| 952 ## - LOCATION AND ITEM INFORMATION (KOHA) | |
| -- | |
| 952 ## - LOCATION AND ITEM INFORMATION (KOHA) | |
| -- | |
| 952 ## - LOCATION AND ITEM INFORMATION (KOHA) | |
| -- | |
| 952 ## - LOCATION AND ITEM INFORMATION (KOHA) | |
| -- | |
| 952 ## - LOCATION AND ITEM INFORMATION (KOHA) | |
| -- | |
| 952 ## - LOCATION AND ITEM INFORMATION (KOHA) | |
| -- | |
| 952 ## - LOCATION AND ITEM INFORMATION (KOHA) | |
| -- | |
| Withdrawn status | Lost status | Source of classification or shelving scheme | Damaged status | Not for loan | Home library | Current library | Shelving location | Date acquired | Source of acquisition | Cost, normal purchase price | Total Checkouts | Full call number | Barcode | Date last seen | Copy number | Price effective from | Koha item type | Uniform Resource Identifier |
|---|---|---|---|---|---|---|---|---|---|---|---|---|---|---|---|---|---|---|
| Dewey Decimal Classification | College Library | HM & Nursing Library | Circulation | 01/23/2008 | Donation | 0.00 | Circ. 610.73 Ad245 1997 | 45604 | 12/04/2025 | c1 | 12/04/2025 | BK-CIRC | ||||||
| Dewey Decimal Classification | College Library | HM & Nursing Library | Circulation | 01/23/2008 | Donation | 0.00 | Circ. 610.73 Ad245 1997 | 45603 | 12/04/2025 | c2 | 12/04/2025 | BK-CIRC | ||||||
| Dewey Decimal Classification | College Library | HM & Nursing Library | Circulation | 01/23/2008 | Donation | 0.00 | Circ. 610.73 Ad245 1997 | 45602 | 12/04/2025 | c3 | 12/04/2025 | BK-CIRC | ||||||
| Dewey Decimal Classification | HM & Nursing Library | HM & Nursing Library | Circulation | 01/23/2008 | Donation | 0.00 | Circ. 610.73 Ad245 1997 | 45601 | 12/04/2025 | c4 | 12/04/2025 | BK-CIRC | ||||||
| Dewey Decimal Classification | HM & Nursing Library | HM & Nursing Library | Circulation | 01/23/2008 | Donation | 0.00 | Circ. 610.73 Ad245 1997 | 45600 | 12/04/2025 | c5 | 12/04/2025 | BK-CIRC | ||||||
| Dewey Decimal Classification | HM & Nursing Library | HM & Nursing Library | Circulation | 01/23/2008 | Donation | 0.00 | Circ. 610.73 Ad245 1997 | 45599 | 12/04/2025 | c6 | 12/04/2025 | BK-CIRC | ||||||
| Dewey Decimal Classification | HM & Nursing Library | HM & Nursing Library | Circulation | 01/23/2008 | Donation | 0.00 | Circ. 610.73 Ad245 1997 | 45598 | 12/04/2025 | c7 | 12/04/2025 | BK-CIRC | ||||||
| Dewey Decimal Classification | HM & Nursing Library | HM & Nursing Library | Circulation | 01/23/2008 | Donation | 0.00 | Circ. 610.73 Ad245 1997 | 45597 | 12/04/2025 | c8 | 12/04/2025 | BK-CIRC | ||||||
| Dewey Decimal Classification | HM & Nursing Library | HM & Nursing Library | Circulation | 01/23/2008 | Donation | 0.00 | Circ. 610.73 Ad245 1997 | 45596 | 12/04/2025 | c9 | 12/04/2025 | BK-CIRC | ||||||
| Dewey Decimal Classification | HM & Nursing Library | HM & Nursing Library | Circulation | 01/23/2008 | Donation | 0.00 | Circ. 610.73 Ad245 1997 | 45595 | 12/04/2025 | c10 | 12/04/2025 | BK-CIRC | ||||||
| Dewey Decimal Classification | HM & Nursing Library | HM & Nursing Library | Circulation | 01/23/2008 | Donation | 0.00 | Circ. 610.73 Ad245 1997 | 45593 | 12/04/2025 | c11 | 12/04/2025 | BK-CIRC | ||||||
| Dewey Decimal Classification | HM & Nursing Library | HM & Nursing Library | Circulation | 01/23/2008 | Donation | 0.00 | Circ. 610.73 Ad245 1997 | 45592 | 12/04/2025 | c12 | 12/04/2025 | BK-CIRC |